[Event "Najdorf Memorial Great fin"]
[Site "Buenos Aires"]
[Date "2000.09.14"]
[Round "3.2"]
[White "Rodriguez Vila, Andres"]
[Black "Fiorito, Fabian"]
[Result "1-0"]
[WhiteElo "2493"]
[BlackElo "2418"]
[PlyCount "65"]
[EventDate "2000.09.09"]
[EventType "k.o."]
[EventRounds "4"]
[EventCountry "ARG"]
[SourceTitle "CBM 079"]
[Source "ChessBase"]
[SourceDate "2000.11.21"]
[SourceVersion "1"]
[SourceVersionDate "2000.11.21"]
[SourceQuality "1"]

1. e4 c5 2. Nf3 e6 3. d4 cxd4 4. Nxd4 a6 5. c4 Nf6 6. Nc3 Qc7 7. Bd3 Be7 8. Be3
d6 9. Rc1 Nbd7 10. O-O b6 11. f4 O-O 12. b4 Re8 13. Qf3 Bb7 14. Qh3 Bf8 15. Nf3
g6 16. Bd4 Bg7 17. Qh4 Qd8 18. Rcd1 Rc8 19. Kh1 Nh5 20. Bxg7 Kxg7 21. Be2 d5
22. exd5 exd5 23. Ng5 h6 24. Bxh5 hxg5 25. fxg5 Rxc4 26. Rxf7+ Kxf7 27. Bxg6+
Ke6 28. Qh6 Rh8 29. Bh7+ Nf6 30. gxf6 Qxf6 31. Re1+ Re4 32. Qxf6+ Kxf6 33.
Nxe4+ 1-0

[Event "Najdorf Memorial Great fin"]
[Site "Buenos Aires"]
[Date "2000.09.16"]
[Round "4.2"]
[White "Flores, Diego"]
[Black "Rodriguez Vila, Andres"]
[Result "1-0"]
[WhiteElo "2358"]
[BlackElo "2493"]
[PlyCount "79"]
[EventDate "2000.09.09"]
[EventType "k.o."]
[EventRounds "4"]
[EventCountry "ARG"]
[SourceTitle "CBM 079"]
[Source "ChessBase"]
[SourceDate "2000.11.21"]
[SourceVersion "1"]
[SourceVersionDate "2000.11.21"]
[SourceQuality "1"]

1. e4 e6 2. d4 d5 3. Nd2 Nf6 4. e5 Nfd7 5. Bd3 b6 6. Ne2 Ba6 7. Bxa6 Nxa6 8.
O-O c5 9. c3 b5 10. f4 Qb6 11. f5 Be7 12. fxe6 fxe6 13. Kh1 c4 14. Nf4 O-O 15.
Qg4 Nc7 16. Rf3 Rf7 17. Rg3 Nf8 18. Nf3 b4 19. h4 bxc3 20. bxc3 Rb8 21. Nh5 Ne8
22. Bh6 g6 23. Bxf8 Kxf8 24. Nf4 Ng7 25. Nxg6+ hxg6 26. Qxg6 Ke8 27. Ng5 Bxg5
28. Rf3 Rbb7 29. Raf1 Nf5 30. g4 Qb1 31. Rxb1 Rxb1+ 32. Kh2 Kf8 33. Qxg5 Rb2+
34. Kh3 Ng7 35. Qd8+ Ne8 36. Rxf7+ Kxf7 37. Qd7+ Kf8 38. Qxe6 Rxa2 39. Qxd5 Re2
40. Qf3+ 1-0

[Event "Najdorf Memorial Great fin"]
[Site "Buenos Aires"]
[Date "2000.09.16"]
[Round "4.3"]
[White "Rodriguez Vila, Andres"]
[Black "Flores, Diego"]
[Result "0-1"]
[WhiteElo "2493"]
[BlackElo "2358"]
[PlyCount "130"]
[EventDate "2000.09.09"]
[EventType "k.o."]
[EventRounds "4"]
[EventCountry "ARG"]
[SourceTitle "CBM 079"]
[Source "ChessBase"]
[SourceDate "2000.11.21"]
[SourceVersion "1"]
[SourceVersionDate "2000.11.21"]
[SourceQuality "1"]

1. e4 e5 2. Nf3 Nc6 3. Bc4 Bc5 4. c3 Nf6 5. d3 d6 6. Nbd2 a6 7. Bb3 Ba7 8. O-O
O-O 9. Re1 Ng4 10. Re2 h6 11. Nf1 Ne7 12. h3 Nf6 13. Nh4 g5 14. Nf3 Ng6 15.
N3h2 Nf4 16. Bxf4 gxf4 17. d4 Qe7 18. Qd3 Kh8 19. Rd1 Rg8 20. Kh1 Bd7 21. Nf3
Rg7 22. N1d2 Rag8 23. Rg1 c6 24. Nc4 Bb8 25. Nb6 Be8 26. Nh4 Qc7 27. dxe5 dxe5
28. Nc4 Bd7 29. Rd1 Be6 30. Nd6 Qxd6 31. Qxd6 Bxd6 32. Rxd6 f3 33. Nxf3 Rxg2
34. Bxe6 fxe6 35. Rxe6 R2g6 36. Rxe5 Nd7 37. Re7 Nc5 38. e5 Nd3 39. Rd7 Nf4 40.
Red2 Nxh3 41. R7d6 Kh7 42. Rxg6 Kxg6 43. Kh2 Nf4 44. Nh4+ Kg5 45. Rd4 Rf8 46.
Ng2 Ne6 47. f4+ Kg4 48. Rb4 b5 49. a4 a5 50. Re4 Kf3 51. Re3+ Kf2 52. Rh3 Rg8
53. Nh4 Rg4 54. axb5 Nxf4 55. bxc6 Nxh3 56. Kxh3 Rg3+ 57. Kh2 Rg4 58. Nf5 Rf4
59. c7 Rxf5 60. Kh3 Rf8 61. Kg4 Rc8 62. Kf5 Rxc7 63. e6 Re7 64. b4 axb4 65.
cxb4 h5 0-1

[Event "Najdorf Memorial Great fin"]
[Site "Buenos Aires"]
[Date "2000.09.16"]
[Round "4.4"]
[White "Flores, Diego"]
[Black "Rodriguez Vila, Andres"]
[Result "1-0"]
[WhiteElo "2358"]
[BlackElo "2493"]
[PlyCount "149"]
[EventDate "2000.09.09"]
[EventType "k.o."]
[EventRounds "4"]
[EventCountry "ARG"]
[SourceTitle "CBM 079"]
[Source "ChessBase"]
[SourceDate "2000.11.21"]
[SourceVersion "1"]
[SourceVersionDate "2000.11.21"]
[SourceQuality "1"]

1. e4 c5 2. c3 b6 3. d4 Bb7 4. f3 e6 5. Be3 Nf6 6. Nh3 Be7 7. Be2 O-O 8. O-O d6
9. Nf2 Nc6 10. Nd2 d5 11. e5 Nd7 12. f4 f5 13. exf6 Bxf6 14. Nf3 Rc8 15. Rc1
Qe7 16. a3 Na5 17. Ng4 cxd4 18. Bxd4 Bxd4+ 19. Nxd4 Nc4 20. Bxc4 dxc4 21. Qe2
Bd5 22. Ne3 Qd6 23. Nxd5 exd5 24. Qe6+ Qxe6 25. Nxe6 Rf6 26. Rfe1 Kf7 27. Ng5+
Kg6 28. g3 Nc5 29. Nf3 Rd8 30. Rcd1 Rfd6 31. Ne5+ Kf6 32. Re2 b5 33. Kf2 d4 34.
cxd4 Rxd4 35. Rde1 Rd2 36. Kf3 Rxe2 37. Rxe2 a6 38. g4 Nb3 39. g5+ Kf5 40. Nc6
Rd3+ 41. Re3 Nd2+ 42. Ke2 Rxe3+ 43. Kxe3 Nf1+ 44. Kd4 Kxf4 45. Nb8 Ne3 46. Nxa6
Nd1 47. Nc7 Nxb2 48. Nxb5 Kxg5 49. Kc3 Na4+ 50. Kxc4 Kg4 51. Kb4 Nb6 52. Kc5
Na4+ 53. Kb4 Nb2 54. Kc3 Na4+ 55. Kd4 Nb6 56. Kc5 Nc8 57. a4 g5 58. a5 Kh3 59.
Kc6 g4 60. Kb7 Kxh2 61. Kxc8 g3 62. Nd4 g2 63. a6 h5 64. a7 h4 65. Ne2 h3 66.
a8=Q g1=Q 67. Nxg1 Kxg1 68. Qa1+ Kg2 69. Qb2+ Kg1 70. Qc1+ Kg2 71. Qd2+ Kg1 72.
Qe1+ Kg2 73. Qe2+ Kg1 74. Qg4+ Kh2 75. Kd7 1-0

[Event "Jose Rubinstein op"]
[Site "Vicente Lopez"]
[Date "2000.11.17"]
[Round "2"]
[White "Lopez, Carlos"]
[Black "Rodriguez Vila, Andres"]
[Result "0-1"]
[WhiteElo "2037"]
[BlackElo "2493"]
[PlyCount "60"]
[EventDate "2000.11.16"]
[EventType "swiss"]
[EventRounds "9"]
[EventCountry "ARG"]
[SourceTitle "EXT 2002"]
[Source "ChessBase"]
[SourceDate "2001.11.25"]
[SourceVersion "1"]
[SourceVersionDate "2001.11.25"]
[SourceQuality "1"]

1. e4 c5 2. Nf3 d6 3. d4 cxd4 4. Nxd4 Nf6 5. Nc3 g6 6. Be3 Bg7 7. f3 O-O 8. Qd2
Nc6 9. Bc4 Bd7 10. O-O-O Rc8 11. Bb3 Ne5 12. h4 h5 13. Bg5 Rc5 14. Kb1 b5 15.
Rhe1 a5 16. a4 bxa4 17. Nxa4 Nc4 18. Qd3 Bxa4 19. Bxc4 Nd7 20. Bb3 Bxb3 21.
cxb3 Ne5 22. Qe3 Qd7 23. Bh6 Bxh6 24. Qxh6 Rb8 25. Qe3 a4 26. f4 axb3 27. Nxb3
Rcb5 28. fxe5 Rxb3 29. Qc1 Qa4 30. exd6 Ra3 0-1

[Event "Jose Rubinstein op"]
[Site "Vicente Lopez"]
[Date "2000.11.18"]
[Round "3"]
[White "Rodriguez Vila, Andres"]
[Black "Lafuente, Pablo"]
[Result "0-1"]
[WhiteElo "2493"]
[BlackElo "2291"]
[PlyCount "44"]
[EventDate "2000.11.16"]
[EventType "swiss"]
[EventRounds "9"]
[EventCountry "ARG"]
[SourceTitle "EXT 2002"]
[Source "ChessBase"]
[SourceDate "2001.11.25"]
[SourceVersion "1"]
[SourceVersionDate "2001.11.25"]
[SourceQuality "1"]

1. e4 c5 2. Nf3 e6 3. d4 cxd4 4. Nxd4 Nf6 5. Nc3 d6 6. Be3 a6 7. f3 b5 8. g4
Bb7 9. Qd2 Nc6 10. O-O-O Rc8 11. Kb1 Nd7 12. g5 Nce5 13. Qg2 Nb6 14. Bc1 Rxc3
15. bxc3 Na4 16. Bb2 Qc7 17. h4 d5 18. Rh3 Nxb2 19. Kxb2 Ba3+ 20. Kxa3 Qxc3+
21. Nb3 Bc6 22. Rd4 Nc4+ 0-1

[Event "Jose Rubinstein op"]
[Site "Vicente Lopez"]
[Date "2000.11.21"]
[Round "6"]
[White "Rodriguez Vila, Andres"]
[Black "Rodi, Luis Ernesto"]
[Result "1-0"]
[WhiteElo "2493"]
[BlackElo "2225"]
[PlyCount "91"]
[EventDate "2000.11.16"]
[EventType "swiss"]
[EventRounds "9"]
[EventCountry "ARG"]
[SourceTitle "EXT 2002"]
[Source "ChessBase"]
[SourceDate "2001.11.25"]
[SourceVersion "1"]
[SourceVersionDate "2001.11.25"]
[SourceQuality "1"]

1. e4 e6 2. d4 d5 3. e5 c5 4. c3 Nc6 5. Nf3 Qb6 6. Bd3 Bd7 7. dxc5 Qc7 8. Bf4
Bxc5 9. b4 Be7 10. O-O h6 11. Na3 a6 12. Re1 g5 13. Bg3 Nxb4 14. cxb4 Bxb4 15.
Nc2 Bxe1 16. Nfxe1 Ne7 17. Qf3 O-O-O 18. Qxf7 Nc6 19. Ne3 Rdf8 20. Qh5 Nb4 21.
Qd1 Nxd3 22. Nxd3 h5 23. Nxd5 Qa5 24. Ne7+ Kb8 25. Rb1 Ba4 26. Qc1 h4 27. Qa3
Qc7 28. Nc5 Bb5 29. Rc1 hxg3 30. hxg3 Qxe5 31. Ng6 Qf5 32. Nxf8 Rxf8 33. Qc3 e5
34. a4 Bc6 35. Nxa6+ Ka8 36. Nb4 Bxa4 37. Nd5 Kb8 38. Qc5 Rf7 39. Qd6+ Ka7 40.
Qb6+ Kb8 41. Ne7 Qd7 42. Rc8+ Qxc8 43. Nxc8 Kxc8 44. Qc5+ Bc6 45. Qxe5 b5 46.
Qe6+ 1-0

[Event "Jose Rubinstein op"]
[Site "Vicente Lopez"]
[Date "2000.11.22"]
[Round "7"]
[White "Mosconi, Ariel Oscar"]
[Black "Rodriguez Vila, Andres"]
[Result "0-1"]
[WhiteElo "2120"]
[BlackElo "2493"]
[PlyCount "86"]
[EventDate "2000.11.16"]
[EventType "swiss"]
[EventRounds "9"]
[EventCountry "ARG"]
[SourceTitle "EXT 2002"]
[Source "ChessBase"]
[SourceDate "2001.11.25"]
[SourceVersion "1"]
[SourceVersionDate "2001.11.25"]
[SourceQuality "1"]

1. d4 f5 2. g3 Nf6 3. Bg2 g6 4. Nh3 Bg7 5. c3 Nc6 6. Qb3 e6 7. O-O O-O 8. Nd2
Kh8 9. Nf3 b6 10. Nf4 Bb7 11. h4 Ne4 12. Ng5 Nxg5 13. hxg5 Qe7 14. Qc2 Rae8 15.
e4 Nd8 16. exf5 Rxf5 17. Bxb7 Nxb7 18. Ng2 d5 19. Nh4 Rf7 20. f4 Nd6 21. Qh2
Kg8 22. Be3 Nc4 23. Rae1 c5 24. Nf3 Nxe3 25. Rxe3 cxd4 26. cxd4 Qb4 27. a3 Qa4
28. Qd2 Rc7 29. Rc3 Rec8 30. Rfc1 Rxc3 31. Rxc3 Qd7 32. Qc2 Rxc3 33. Qxc3 Kf8
34. b3 Kf7 35. Kf2 Ke8 36. Ke3 Qb5 37. Kf2 Kd7 38. a4 Qa6 39. Ke1 Qb7 40. Kd2
Qb8 41. Qb4 Qc7 42. Qb5+ Kd8 43. Qe2 Qe7 0-1

[Event "Jose Rubinstein op"]
[Site "Vicente Lopez"]
[Date "2000.11.23"]
[Round "8"]
[White "Rodriguez Vila, Andres"]
[Black "Scarella, Enrique Alejandro"]
[Result "1-0"]
[WhiteElo "2493"]
[BlackElo "2352"]
[PlyCount "103"]
[EventDate "2000.11.16"]
[EventType "swiss"]
[EventRounds "9"]
[EventCountry "ARG"]
[SourceTitle "EXT 2002"]
[Source "ChessBase"]
[SourceDate "2001.11.25"]
[SourceVersion "1"]
[SourceVersionDate "2001.11.25"]
[SourceQuality "1"]

1. e4 c5 2. Nc3 Nc6 3. g3 g6 4. Bg2 Bg7 5. d3 d6 6. f4 Rb8 7. Nf3 b5 8. O-O b4
9. Ne2 Nd4 10. Nexd4 cxd4 11. a3 Qc7 12. axb4 Rxb4 13. b3 Bg4 14. Qd2 Rb5 15.
Ra4 Bxf3 16. Bxf3 Nf6 17. Bb2 Nd7 18. Rfa1 O-O 19. Rxa7 Qc8 20. Bd1 Nb8 21. Ra8
Qc5 22. R1a4 Bf6 23. Bf3 Qb6 24. Qf2 Rc8 25. Rc4 Rc7 26. Bd1 Rxc4 27. dxc4 Ra5
28. Rxa5 Qxa5 29. Bxd4 Bxd4 30. Qxd4 Qe1+ 31. Kg2 Nc6 32. Qd3 Nb4 33. Qe2 Qxe2+
34. Bxe2 Nxc2 35. Kf2 Kf8 36. Bd1 Nb4 37. Ke3 Ke8 38. Kd4 Nc6+ 39. Kc3 Kd7 40.
b4 Kc7 41. Ba4 Nd8 42. Be8 f6 43. Kd4 g5 44. f5 Kb6 45. Kd5 Kb7 46. c5 dxc5 47.
bxc5 Kc7 48. c6 g4 49. e5 h6 50. exf6 exf6 51. Kc5 h5 52. Kd5 1-0

[Event "Paulisto-ch 1a etapa"]
[Site "Santos"]
[Date "2001.??.??"]
[Round "2"]
[White "Coelho, Luis Henrique"]
[Black "Rodriguez Vila, Andres"]
[Result "0-1"]
[WhiteElo "2190"]
[BlackElo "2493"]
[PlyCount "44"]
[EventDate "2001.??.??"]
[EventType "swiss"]
[EventRounds "6"]
[EventCountry "BRA"]
[SourceTitle "EXT 2005"]
[Source "ChessBase"]
[SourceDate "2004.11.15"]
[SourceVersion "1"]
[SourceVersionDate "2004.11.15"]
[SourceQuality "1"]

1. e4 e6 2. d4 d5 3. Nc3 Bb4 4. e5 Ne7 5. a3 Bxc3+ 6. bxc3 b6 7. Nf3 Ba6 8.
Bxa6 Nxa6 9. O-O Nb8 10. a4 Nbc6 11. Qd3 Na5 12. Ba3 Nc4 13. Bxe7 Qxe7 14. Nd2
Nxd2 15. Qxd2 O-O 16. Qe2 c5 17. a5 bxa5 18. Qb5 Rfc8 19. Rfc1 cxd4 20. cxd4
Qb4 21. Qd3 Rc3 22. Qd2 Rac8 0-1

[Event "Paulisto-ch 1a etapa"]
[Site "Santos"]
[Date "2001.??.??"]
[Round "3"]
[White "Rodriguez Vila, Andres"]
[Black "Segal, Alexandru Sorin"]
[Result "0-1"]
[WhiteElo "2493"]
[BlackElo "2302"]
[PlyCount "80"]
[EventDate "2001.??.??"]
[EventType "swiss"]
[EventRounds "6"]
[EventCountry "BRA"]
[SourceTitle "EXT 2005"]
[Source "ChessBase"]
[SourceDate "2004.11.15"]
[SourceVersion "1"]
[SourceVersionDate "2004.11.15"]
[SourceQuality "1"]

1. e4 Nf6 2. e5 Nd5 3. d4 d6 4. c4 Nb6 5. exd6 cxd6 6. Nc3 g6 7. Be3 Bg7 8. Rc1
O-O 9. b3 e6 10. Be2 Nc6 11. d5 exd5 12. cxd5 Ne7 13. Bd4 Bh6 14. Bf6 Nd7 15.
Ne4 Nxf6 16. Nxf6+ Kh8 17. Rc4 Bg7 18. Ne4 b5 19. Rc2 Bf5 20. Bf3 Qa5+ 21. Kf1
b4 22. Rd2 Bxe4 23. Bxe4 Rac8 24. Ne2 Rc5 25. g3 Re8 26. Kg2 Nc8 27. Bf3 Nb6
28. h4 Nd7 29. h5 Kg8 30. hxg6 hxg6 31. Nd4 Ne5 32. Nc6 Qb6 33. Re2 a5 34. Rh4
Bf6 35. Rh3 Rc3 36. Qd2 Qb5 37. Nxe5 Rxe5 38. Rxe5 Bxe5 39. Be4 Bg7 40. Qg5 Qe8
0-1

[Event "Paulisto-ch 1a etapa"]
[Site "Santos"]
[Date "2001.??.??"]
[Round "4"]
[White "Sant'Anna, Eddie"]
[Black "Rodriguez Vila, Andres"]
[Result "0-1"]
[WhiteElo "2086"]
[BlackElo "2493"]
[PlyCount "54"]
[EventDate "2001.??.??"]
[EventType "swiss"]
[EventRounds "6"]
[EventCountry "BRA"]
[SourceTitle "EXT 2005"]
[Source "ChessBase"]
[SourceDate "2004.11.15"]
[SourceVersion "1"]
[SourceVersionDate "2004.11.15"]
[SourceQuality "1"]

1. e4 e6 2. d4 d5 3. exd5 exd5 4. c4 Nf6 5. Nf3 Bb4+ 6. Bd2 Bxd2+ 7. Nbxd2 O-O
8. Be2 Nc6 9. O-O Bf5 10. Qb3 dxc4 11. Qxb7 Nxd4 12. Bxc4 Nxf3+ 13. Nxf3 Be4
14. Qb3 Rb8 15. Qc3 Bxf3 16. gxf3 Nh5 17. Rad1 Qg5+ 18. Kh1 Rb6 19. Rg1 Qh4 20.
Rg4 Qf6 21. Rdg1 g6 22. Qxf6 Rxf6 23. Kg2 Rd8 24. b3 Nf4+ 25. Kg3 Rd4 26. Re1
h5 27. Rg5 h4+ 0-1

[Event "Paulisto-ch 1a etapa"]
[Site "Santos"]
[Date "2001.??.??"]
[Round "6"]
[White "Pelikian, Jefferson"]
[Black "Rodriguez Vila, Andres"]
[Result "0-1"]
[WhiteElo "2387"]
[BlackElo "2493"]
[PlyCount "64"]
[EventDate "2001.??.??"]
[EventType "swiss"]
[EventRounds "6"]
[EventCountry "BRA"]
[SourceTitle "EXT 2005"]
[Source "ChessBase"]
[SourceDate "2004.11.15"]
[SourceVersion "1"]
[SourceVersionDate "2004.11.15"]
[SourceQuality "1"]

1. e4 d6 2. d4 g6 3. Nf3 Bg7 4. Bc4 Nf6 5. Qe2 O-O 6. O-O c6 7. Bb3 a5 8. a4
Qc7 9. e5 Nd5 10. h3 dxe5 11. dxe5 e6 12. Re1 Nd7 13. Nc3 Nxc3 14. bxc3 b6 15.
Bg5 Ba6 16. Qe4 c5 17. Be7 Bb7 18. Qh4 Nxe5 19. Nxe5 Bxe5 20. Bxf8 Rxf8 21. Re3
Bf4 22. Re2 c4 23. Ba2 Qc6 24. f3 e5 25. Qf2 Rd8 26. g3 Qxf3 27. Qxf3 Bxf3 28.
Rf2 Be3 29. Kf1 Bxf2 30. Kxf2 Rd1 31. Rxd1 Bxd1 32. Bxc4 Bxc2 0-1

[Event "URU-chT"]
[Site "Uruguay"]
[Date "2001.??.??"]
[Round "?"]
[White "Carvalho, Guillermo"]
[Black "Rodriguez Vila, Andres"]
[Result "1-0"]
[WhiteElo "2195"]
[BlackElo "2493"]
[PlyCount "108"]
[EventDate "2001.??.??"]
[EventType "team"]
[EventRounds "3"]
[EventCountry "URU"]
[SourceTitle "EXT 2002"]
[Source "ChessBase"]
[SourceDate "2001.11.25"]
[SourceVersion "1"]
[SourceVersionDate "2001.11.25"]
[SourceQuality "1"]

1. c4 e5 2. Nc3 Nc6 3. Nf3 f5 4. d4 e4 5. Ne5 Nxe5 6. dxe5 Bb4 7. Qb3 Qe7 8.
Bd2 a5 9. a3 Bxc3 10. Qxc3 b6 11. g3 Bb7 12. Bg2 Qe6 13. Be3 Ne7 14. O-O Ng6
15. f4 exf3 16. exf3 f4 17. Bf2 O-O 18. Rfe1 Rae8 19. c5 fxg3 20. hxg3 b5 21.
Bd4 b4 22. axb4 axb4 23. Qe3 Ne7 24. f4 Bxg2 25. Kxg2 Nf5 26. Qe4 Nh4+ 27. Kh2
Qg4 28. Re3 Nf5 29. Rd3 Re6 30. Bf2 Rh6+ 31. Kg1 Qh5 32. Qd5+ Kh8 33. Ra8 Qh2+
34. Kf1 Qh1+ 35. Qxh1 Rxh1+ 36. Kg2 Rxa8 37. Kxh1 Rd8 38. Kg2 h5 39. Kf3 Kg8
40. Be1 Kf7 41. Bxb4 Ne7 42. Ba5 Ke8 43. Bxc7 Ra8 44. Bd6 Nc6 45. g4 hxg4+ 46.
Kxg4 Ra1 47. f5 Re1 48. Ra3 Nxe5+ 49. Kf4 g5+ 50. Kxg5 Kf7 51. Bxe5 Rxe5 52.
Ra7 Rxc5 53. Rxd7+ Ke8 54. Rb7 Rc1 1-0

[Event "Mario Covas 1st"]
[Site "Santos"]
[Date "2001.01.29"]
[Round "1"]
[White "Izeta Txabarri, Felix"]
[Black "Rodriguez Vila, Andres"]
[Result "1-0"]
[WhiteElo "2448"]
[BlackElo "2493"]
[PlyCount "131"]
[EventDate "2001.01.29"]
[EventType "tourn"]
[EventRounds "11"]
[EventCountry "BRA"]
[EventCategory "8"]
[SourceTitle "CBM 082"]
[Source "ChessBase"]
[SourceDate "2001.05.17"]
[SourceVersion "1"]
[SourceVersionDate "2001.05.17"]
[SourceQuality "1"]

1. d4 e6 2. c4 Bb4+ 3. Bd2 Qe7 4. g3 Nc6 5. Nf3 Nf6 6. Bg2 Bxd2+ 7. Nbxd2 d6 8.
Nf1 d5 9. a3 O-O 10. Ne3 Rd8 11. Qc2 dxc4 12. Qxc4 Nd5 13. O-O Nxe3 14. fxe3 e5
15. d5 Na5 16. Qc2 Rxd5 17. Ng5 e4 18. Qxe4 Qxe4 19. Nxe4 Re5 20. Rac1 c6 21.
Rc3 Be6 22. Nc5 Bd5 23. e4 Bc4 24. b4 Rxc5 25. bxc5 Rd8 26. Kf2 Bb5 27. Rfc1
Kf8 28. Ke1 Ke7 29. Rd1 Rxd1+ 30. Kxd1 Nc4 31. Ke1 a5 32. Bh3 Ne5 33. Rb3 Kd8
34. a4 Ba6 35. Kd2 Kc7 36. Rb1 Bc4 37. Bf1 f6 38. e3 Ba2 39. Ra1 Bf7 40. Kc3
Bg6 41. Bg2 Ng4 42. Kd4 Bf7 43. Bf3 Ne5 44. Be2 Be6 45. Rf1 h6 46. h4 Kd8 47.
g4 Bxg4 48. Bxg4 Nxg4 49. h5 Ne5 50. Rf5 Nd7 51. e5 Ke7 52. exf6+ gxf6 53. Rf2
b6 54. cxb6 Nxb6 55. Ra2 Kd6 56. Ke4 Nd5 57. Ra3 Ke6 58. Kd4 Kd6 59. Rb3 f5 60.
Rb8 c5+ 61. Kd3 Ke5 62. Rb5 f4 63. Rxc5 fxe3 64. Rxa5 e2 65. Kxe2 Kd4 66. Rxd5+
1-0